Catálogo

Religion, theology and the human sciences / (Registro nro. 63411)

Detalles MARC
000 -LEADER
fixed length control field 00877nam a2200229 a 4500
001 - CONTROL NUMBER
control field 63411
005 - DATE AND TIME OF LATEST TRANSACTION
control field 20180714065825.0
008 - FIXED-LENGTH DATA ELEMENTS--GENERAL INFORMATION
fixed length control field 150826s2002 xxu 000 0 spa d
020 ## - INTERNATIONAL STANDARD BOOK NUMBER
International Standard Book Number 978-0-521-79151-9
082 0# - DEWEY DECIMAL CLASSIFICATION NUMBER
Classification number 291.175
Item number ROB
100 1# - MAIN ENTRY--PERSONAL NAME
Personal name Roberts, Richard H.
Numeration autor
245 10 - TITLE STATEMENT
Title Religion, theology and the human sciences /
Statement of responsibility, etc. Richard H. Roberts.
264 #1 - PRODUCTION, PUBLICATION, DISTRIBUTION, MANUFACTURE, AND COPYRIGHT NOTICE
Place of production, publication, distribution, manufacture Estados Unidos de América .
Name of producer, publisher, distributor, manufacturer Cambridge University Press ;
Date of production, publication, distribution, manufacture, or copyright notice 2002
300 ## - PHYSICAL DESCRIPTION
Extent xiv, 334 páginas : ;
Dimensions 23 cm.
336 ## - CONTENT TYPE
Content type term texto
Source rdacontent
337 ## - MEDIA TYPE
Media type term sin mediación
Source rdamedia
338 ## - CARRIER TYPE
Carrier type term volumen
Source rdacarrier
650 #4 - SUBJECT ADDED ENTRY--TOPICAL TERM
Topical term or geographic name entry element Religió y sociología
General subdivision Historia
-- Siglo xx
650 #4 - SUBJECT ADDED ENTRY--TOPICAL TERM
Topical term or geographic name entry element Administración
General subdivision Aspectos religiosos
-- Historia
-- Siglo xx
650 #4 - SUBJECT ADDED ENTRY--TOPICAL TERM
Topical term or geographic name entry element Capitalismo
General subdivision Aspectos religiosos
-- Historia
-- Siglo xx
650 #4 - SUBJECT ADDED ENTRY--TOPICAL TERM
Topical term or geographic name entry element Religión y sociología
Geographic subdivision Gran Bretaña
General subdivision Historia
-- Siglo xx
Existencias
Withdrawn status Lost status Source of classification or shelving scheme Damaged status Not for loan Collection code Home library Current library Shelving location Date acquired Source of acquisition Inventory number Total Checkouts Full call number Barcode Date last seen Price effective from Koha item type
    Dewey Decimal Classification     General Centro de Estudios en Ciencia y Religión Centro de Estudios en Ciencia y Religión Sala general 26/08/2015 Compra 151000000000000000077767   291.175 ROB 2002 86343 05/01/2026 20/11/2015 Libro